000 00518nmm a2200157Ia 4500
008 251105s9999||||xx |||||||||||||||||und||
020 _a9789587386479
041 _aspa
100 _aGuzmán Hennessey, Manuel
245 0 _aJirafa ardiendo : el desafío ciudadano frente a la crisis climática, 2020-2050
264 _a[Bogotá, Colombia] :
_bUniversidad del Rosario,
_c2015
300 _a308 páginas
650 _aEnvironmental Sciences
856 _uhttps://public.digitaliapublishing.com/a/46534
942 _cCF
999 _c95837
_d95837